000
00275nam a22001217a 4500
008
170413b xxu||||| |||| 00| 0 eng d
041
_a
eng
080
_2
4 ED
_a
618
100
_a
10
101
_a
SHM
245
_a
OBSTETRICS AND GYNECOLOGY
_c
DANFORTH.D.N
942
_2
udc
_c
BK
999
_c
10618
_d
10618